000 00291nam a2200109Ia 4500
001 588669
005 20250717120836.0
008 250717s9999 xx 000 0 und d
245 0 _aY-2 TEMBEL HAYVANLAR FELSEFE YAPARSA
_cJENNİFER MCCARTNEY
260 _bORENDA YAYINLARI
_c2018
300 _b322
999 _c588669
_d588669